LEADER 01255nam a2200217 4500 001 000000364667 003 CaOOAMICUS 005 20251013111751.0 008 251013s17991800it 000 u ita r 040 $aSeMil$bita 100 11$aBecattini, Francesco,$d.$0(OLS)http://semarc/name/8090 245 10$aStoria del memorabile triennale governo francese e sedicente cisalpino nella Lombardia. Lettere piacevoli ed istruttive. 264 1$cIn Milano, 1799-1800. 300 $av. ;$c8° 500 $aPer il nome dell'A., Francesco Beccatini, vedi Melzi, G. Dizionario di opere anonime e pseudonime, v. 3, p. 103 500 $aStampatore presunto: Giuseppe Galeazzi 700 1 $aGaleazzi, Giuseppe,$c.$0(OLS)http://semarc/name/2995 773 0 $aBecattini, Francesco $tLettera 2. contenente quanto e accaduto dalla solenne erezione dell'albero di libertą sulla Gran piazza di Milano fino alla resa del Castello avvenuta il di 29 giugno 1796.$dIn Milano, 1799-1800.$w()364668 996 $6245$aStoria del memorabile triennale governo francese e sedicente cisalpino nella Lombardia. Lettere piacevoli ed istruttive$9(OLS)http://semarc/title/456098 996 $6264$a[S.l.] :$b[s.n.]$9(OLS)http://semarc/publisher/0 LEADER 00735nam a2200205 i 4500 001 000000200934 003 CaOOAMICUS 005 20110415000000.0 008 110415n it u000 u ita u 013 $a179635 040 $aSeMil$bita 245 13$aIl clero inglese nelle questioni operaie. 260 $a[S.l. :$bs.n.,$c189?] 300 $aP. [429]-439 ;$c24 cm. 500 $aEstratto da «La rassegna nazionale». 773 0 $t[Miscellanea politica.$w()24769 850 $aSeMil 852 $aSeMil$W1$xVenegono$y1$m5A II 25/11 FA$j151463$B151463$CSeMilBibl$Z2$F162683 $8I 996 $6245$aIl clero inglese nelle questioni operaie$9(OLS)http://semarc/title/290687 996 $6260$a[S.l. :$bs.n.$9(OLS)http://semarc/publisher/31686